000 00355nam a22001217a 4500
008 181123b xxu||||| |||| 00| 0 eng d
041 _aeng
080 _a043.3
100 _a0
101 _aBTH-SHKI
245 _aRisk Management in Software Development Process BOEHM'S Risk Management Method vs SEI's Risk Management Method
_cHaliti, Y
942 _2udc
_cBK
999 _c52464
_d52464